System of agriculture (Record no. 114002)

MARC details
000 -LEADER
fixed length control field 00574cam a22001815a 4500
001 - CONTROL NUMBER
control field L156045
008 - FIXED-LENGTH DATA ELEMENTS--GENERAL INFORMATION
fixed length control field 120426s1838 xxk f 000 0 eng d
035 ## - SYSTEM CONTROL NUMBER
System control number (Sirsi) u156045
041 0# - LANGUAGE CODE
Language code of text/sound track or separate title eng
100 1# - MAIN ENTRY--PERSONAL NAME
Personal name Cleghorn, James
245 00 - TITLE STATEMENT
Title System of agriculture
Remainder of title from the Encyclopaedia Britannica, seventh edition
260 ## - PUBLICATION, DISTRIBUTION, ETC.
Place of publication, distribution, etc. Edinburgh
Name of publisher, distributor, etc. Adam & Charles Black
Date of publication, distribution, etc. 1838
300 ## - PHYSICAL DESCRIPTION
Extent [3], 252-356 p., [13] leaves of plates
Other physical details ill.
Dimensions 29 cm.
583 ## - ACTION NOTE
Action Condition reviewed
Time/date of action 20120620
Status condition level 3
651 #4 - SUBJECT ADDED ENTRY--GEOGRAPHIC NAME
Geographic name Great Britain
Chronological subdivision 1707-
690 ## - LOCAL SUBJECT ADDED ENTRY--TOPICAL TERM (OCLC, RLIN)
Topical term or geographic name as entry element Rural
9 (RLIN) 6268
942 ## - ADDED ENTRY ELEMENTS (KOHA)
Suppress in OPAC 0
Holdings
Withdrawn status Lost status Source of classification or shelving scheme Damaged status Not for loan Home library Current library Shelving location Date acquired Total Checkouts Full call number Barcode Date last seen Copy number Price effective from Koha item type
    Dewey Decimal Classification     Historic collection Historic collection Historic collection 26/04/2012   QUARTO 1838 CLEGHORN 30075882 06/08/2019 1 06/08/2019 Book